Pride and power ; the rationale of the space program.

Bibliographic Details
Main Author: Van Dyke, Vernon, 1912-1998
Format: Book
Language:English
Published: Urbana : University of Illinois Press, 1964.
Subjects:

MARC

Tag First Indicator Second Indicator Subfields
LEADER 00000cam a2200000 4500
001 in00000079530
005 20151008052901.0
008 720107s1964 ilu b 00000 eng u
010 |a  64014809  
035 |a (OCoLC)00192138 
035 |9 AAH5303AM 
040 |c CSU  |d TXA  |d UtOrBLW 
049 |a TXAM  |c [402624] 
050 0 |a TL789.8.U5  |b V3 
092 |a 353  |b V248p 
100 1 |a Van Dyke, Vernon,  |d 1912-1998. 
245 1 0 |a Pride and power ;  |b the rationale of the space program. 
264 1 |a Urbana :  |b University of Illinois Press,  |c 1964. 
300 |a xiii,285p. ;  |c 24cm. 
336 |a text  |b txt  |2 rdacontent 
337 |a unmediated  |b n  |2 rdamedia 
338 |a volume  |b nc  |2 rdacarrier 
504 |a Bibliographical footnotes. 
650 0 |a Astronautics and state  |z United States. 
999 |a MARS 
999 f f |s 5ed2ee75-00b4-3c6f-b098-78a14a694141  |i 3447e833-a3b9-3c93-9a58-719fd77829b0  |t 0 
952 f f |p normal  |a Texas A&M University  |b College Station  |c Sterling C. Evans Library  |d Evans: Library Stacks  |t 0  |e TL789.8.U5 V3  |h Library of Congress classification  |i unmediated -- volume  |m A14800799216 
998 f f |a TL789.8.U5 V3  |t 0  |l Evans: Library Stacks